Normal view
MARC view
- Supervised by Dr. Umar Shahbaz Khan Col. Nasir Rashid Lec. Usman Asad
Entry Personal Name
001 - CONTROL NUMBER
- control field: 71738
003 - CONTROL NUMBER IDENTIFIER
- control field: NUST
005 - DATE AND TIME OF LATEST TRANSACTION
- control field: 20210628204656.0
008 - FIXED-LENGTH DATA ELEMENTS
- fixed length control field: 210628|| aca||aabn | a|a d
040 ## - CATALOGING SOURCE
- Original cataloging agency: NUST
- Transcribing agency: NUST
100 ## - HEADING--PERSONAL NAME
- Personal name: Supervised by Dr. Umar Shahbaz Khan Col. Nasir Rashid Lec. Usman Asad
670 ## - SOURCE DATA FOUND
- Source citation: Work cat.: (NUST): NC M Yousaf Mehmood NC Usman Jaffar NC Zain Ali Asim NC Muhammad Khuzaima Moghis 71736, PR-SOF-1671-Development of UGV Mounted Intelligent Robotic Manipulator for Pesticide Spray on Crops, 2018
